| 000 -LEADER |
| fixed length control field |
00990nam a2200241Ia 4500 |
| 001 - CONTROL NUMBER |
| control field |
16001 |
| 003 - CONTROL NUMBER IDENTIFIER |
| control field |
GE_BSU |
| 008 - FIXED-LENGTH DATA ELEMENTS--GENERAL INFORMATION |
| fixed length control field |
181216s||||||||xx |||||||||||||| ||und|| |
| 040 ## - CATALOGING SOURCE |
| Transcribing agency |
GE_BSU |
| 080 ## - UNIVERSAL DECIMAL CLASSIFICATION NUMBER |
| Universal Decimal Classification number |
355.48(47+57)"1942 |
| 100 ## - MAIN ENTRY--PERSONAL NAME |
| Personal name |
ჯანჯღავა, ვარლამ |
| 245 ## - TITLE STATEMENT |
| Title |
აჯიმუშკაის ტრაგედია |
| 245 ## - TITLE STATEMENT |
| Remainder of title |
ქერჩი და ქერჩის რ-ნი სამამულო ომის წლებში |
| 245 ## - TITLE STATEMENT |
| Statement of responsibility, etc. |
რედ. კ. ლორთქიფანიძე. მხ.გ.გელაშვილი |
| 260 ## - PUBLICATION, DISTRIBUTION, ETC. |
| Place of publication, distribution, etc. |
თბილისი |
| 260 ## - PUBLICATION, DISTRIBUTION, ETC. |
| Name of publisher, distributor, etc. |
ნაკადული |
| 260 ## - PUBLICATION, DISTRIBUTION, ETC. |
| Date of publication, distribution, etc. |
1971 |
| 300 ## - PHYSICAL DESCRIPTION |
| Extent |
86გვ. : ილ. ; 20სმ |
| 653 ## - INDEX TERM--UNCONTROLLED |
| Uncontrolled term |
აჯიმუშკაის ტრაგედია |
| 653 ## - INDEX TERM--UNCONTROLLED |
| Uncontrolled term |
ქერჩი და ქერჩის რ-ნი სამამულო ომის წლებში |
| 653 ## - INDEX TERM--UNCONTROLLED |
| Uncontrolled term |
ქერჩის ბრძოლა; |
| 942 ## - ADDED ENTRY ELEMENTS (KOHA) |
| Koha item type |
წიგნი |